Hazai UNESCO világörökségeink turisztikai hasznosítása

Bibliográfiai részletek
Szerző: Kocsis Ákos
További közreműködők: Karsai Dr. Árpád Sándor
Dokumentumtípus: Diplomadolgozat
Kulcsszavak:Magyarország
turizmus
turizmusfejlesztés
UNESCO
világörökség
Online Access:http://dolgozattar.uni-bge.hu/59468

MARC

LEADER 00000nta a2200000 i 4500
001 dolg59468
005 20260409145113.0
008 260409suuuu hu om 000 hun d
040 |a BGE Dolgozattár Repozitórium  |b hun 
041 |a hu 
100 1 |a Kocsis Ákos 
245 1 0 |a Hazai UNESCO világörökségeink turisztikai hasznosítása  |c Kocsis Ákos  |h [elektronikus dokumentum] 
520 3 |a Szakdolgozatomban a hazai UNESCO világörökségeket vizsgáltam meg, adatok gyűjtésével és elemzésével. A szakirodalmi áttekintésben a világörökségek történetéről írtam, illetve a szekunder kutatás adatait összegeztem. Ezután kvalitatív és kvantitatív kutatást is végeztem, amelyek eredményeit ábrákon szemléltettem. Ezek segítségével átfogó képet kaptam a világörökségek jelenlegi helyzetéről. Kutatásom során megvizsgáltam a fejlesztési lehetőségeket, illetve a népszerűsítés opcióit is, továbbá arra is kíváncsi voltam, mennyire népszerűek a világörökségi helyszínek a többi nevezetességhez képest. 
695 |a Magyarország 
695 |a turizmus 
695 |a turizmusfejlesztés 
695 |a UNESCO 
695 |a világörökség 
700 1 |a Karsai Dr. Árpád Sándor  |e ths 
856 4 0 |u http://dolgozattar.uni-bge.hu/59468/1/Kocsis%20%C3%81kos%20szakdolgozat.pdf  |z Dokumentum-elérés 
856 4 0 |u http://dolgozattar.uni-bge.hu/59468/2/Kocsis%20%C3%81kos_opponens_Boros%20Kitti.pdf  |z Dokumentum-elérés 
856 4 0 |u http://dolgozattar.uni-bge.hu/59468/3/Kocsis%20%C3%81kos%20Bsc%20HU%20Karsai%20Konzulens.pdf  |z Dokumentum-elérés